Loading...
| Auditory Arts | 6 | 15.00 | 100% | 50% | 0% |
| Beliefs | 6 | 18.33 | 100% | 67% | 17% |
| Current Events | 3 | 16.67 | 100% | 67% | 0% |
| Fine Arts - Other Arts | 2 | 10.00 | 100% | 0% | 0% |
| Geography | 2 | 20.00 | 100% | 50% | 50% |
| History - American | 3 | 13.33 | 100% | 33% | 0% |
| History - Ancient | 1 | 10.00 | 100% | 0% | 0% |
| History - European | 6 | 10.00 | 83% | 17% | 0% |
| History - Other | 1 | 10.00 | 100% | 0% | 0% |
| History - World | 6 | 8.33 | 83% | 0% | 0% |
| Literature - American | 4 | 12.50 | 100% | 25% | 0% |
| Literature - British | 2 | 20.00 | 100% | 50% | 50% |
| Literature - European | 1 | 0.00 | 0% | 0% | 0% |
| Literature - World | 3 | 10.00 | 100% | 0% | 0% |
| Other Academic | 1 | 10.00 | 100% | 0% | 0% |
| Philosophy | 1 | 0.00 | 0% | 0% | 0% |
| Science - Biology | 4 | 10.00 | 100% | 0% | 0% |
| Science - Chemistry | 4 | 10.00 | 100% | 0% | 0% |
| Science - Other | 3 | 16.67 | 100% | 33% | 33% |
| Science - Physics | 4 | 12.50 | 100% | 25% | 0% |
| Social Science | 5 | 14.00 | 100% | 40% | 0% |
| Visual Arts | 4 | 15.00 | 100% | 50% | 0% |